Southville International School and Colleges
Your cart is empty.
  • Cart
  • Lists
    Public lists Eva Luna New books Lux_list list_1
    Your lists Log in to create your own lists
  • Log in to your account
  • Your cookies
  • Search history
Southville International School and Colleges
  • Advanced search
  • Recent comments
  • Most popular
  • Libraries

Log in to your account

Log in with GOOGLE


If you do not have an external account, but do have a local account, you can still log in:

  1. Home
  2. MARC view: America since 1945 /
Normal view MARC view ISBD view

America since 1945 / (Record no. 9498)

[ view plain ]
MARC details
000 -LEADER
fixed length control field 00975cam a2200313 a 4500
001 - CONTROL NUMBER
control field 1983180
003 - CONTROL NUMBER IDENTIFIER
control field OSt
005 - DATE AND TIME OF LATEST TRANSACTION
control field 20140310182118.0
008 - FIXED-LENGTH DATA ELEMENTS--GENERAL INFORMATION
fixed length control field 891108s1991 nyu b 000 0 eng
010 ## - LIBRARY OF CONGRESS CONTROL NUMBER
LC control number 89063919
020 ## - INTERNATIONAL STANDARD BOOK NUMBER
International Standard Book Number 9780312046255
040 ## - CATALOGING SOURCE
Original cataloging agency DLC
Transcribing agency DLC
Modifying agency DLC
043 ## - GEOGRAPHIC AREA CODE
Geographic area code n-us---
050 00 - LIBRARY OF CONGRESS CALL NUMBER
Classification number E 741
Item number .Am512 1991
082 00 - DEWEY DECIMAL CLASSIFICATION NUMBER
Classification number HS 973.92
Item number Ma33 1991
245 00 - TITLE STATEMENT
Title America since 1945 /
Statement of responsibility, etc Robert D. Marcus and David Burner.
250 ## - EDITION STATEMENT
Edition statement 5th ed.
260 ## - PUBLICATION, DISTRIBUTION, ETC. (IMPRINT)
Place of publication, distribution, etc New York :
Name of publisher, distributor, etc St. Martin's Press,
Date of publication, distribution, etc c1991.
300 ## - PHYSICAL DESCRIPTION
Extent viii, 413 p. ;
Dimensions 23 cm.
541 ## - IMMEDIATE SOURCE OF ACQUISITION NOTE
-- 1
562 ## - COPY AND VERSION IDENTIFICATION NOTE
Presentation format 1
650 ## - SUBJECT ADDED ENTRY--TOPICAL TERM
Topical term or geographic name as entry element United States,
General subdivision History.
-- 1945.
9 (RLIN) 13861
650 ## - SUBJECT ADDED ENTRY--TOPICAL TERM
Topical term or geographic name as entry element Burner, David D.
9 (RLIN) 13862
700 1# - ADDED ENTRY--PERSONAL NAME
Personal name Marcus, Robert D.,
Dates associated with a name 1936-
9 (RLIN) 13863
700 1# - ADDED ENTRY--PERSONAL NAME
Personal name Burner, David,
Dates associated with a name 1937-
9 (RLIN) 13864
906 ## - LOCAL DATA ELEMENT F, LDF (RLIN)
a 7
b cbc
c orignew
d 2
e opcn
f 19
g y-gencatlg
942 ## - ADDED ENTRY ELEMENTS (KOHA)
Source of classification or shelving scheme Library of Congress Classification
Koha item type
Holdings
Withdrawn status Lost status Source of classification or shelving scheme Damaged status Home library Current library Shelving location Date acquired Total Checkouts Full call number Barcode Date last seen Copy number Price effective from Koha item type
    Library of Congress Classification   Luxembourg Library Luxembourg Library High School Section 08/27/2013   E 741 .Am512 1991 9080 08/27/2013 1 08/27/2013 Books

America since 1945 /

APA

Marcus R. D., Burner D., . (1991). America since 1945. New York: St. Martin's Press.

Chicago

Marcus Robert D, Burner David, . 1991. America since 1945. New York: St. Martin's Press.

Harvard

Marcus R. D., Burner D., . (1991). America since 1945. New York: St. Martin's Press.

MLA

Marcus Robert D, Burner David, . America since 1945. New York: St. Martin's Press. 1991.

  • Place hold
  • Print
  • Cite
  • Add to your cart (remove)
  • Save record
    BIBTEX Dublin Core MARCXML MARC (non-Unicode/MARC-8) MARC (Unicode/UTF-8) MARC (Unicode/UTF-8, Standard) MODS (XML) RIS
  • More searches
    Search for this title in:
    Other Libraries (WorldCat) Other Databases (Google Scholar) Online Stores (Bookfinder.com) Open Library (openlibrary.org)

Exporting to Dublin Core...

SOUTHVILLE LIBRARY

Southville International School and Colleges Library

1281 Tropical Ave. Cor. Luxembourg St., BF Homes International, Las Pinas City

Tel. No. 8256374 / 252358 Loc. 117/146

Powered by Koha